| 000 | 01084nam a2200241Ia 4500 | ||
|---|---|---|---|
| 003 | Ost | ||
| 005 | 20260507075646.0 | ||
| 008 | 260507s9999||||xx |||||||||||||| ||und|| | ||
| 020 | _a9314215977 | ||
| 040 | _cfsecg | ||
| 041 | _aara | ||
| 082 | _a330.962 | ||
| 100 |
_aالشربيني، عبد العزيز _eمؤلف |
||
| 245 | 0 |
_aمشاكل مصر المعاصرة / _c عبد العزيز الشربيني |
|
| 260 |
_aالقاهرة: _bدار غريب للنشر والتوزيع, _c1998 |
||
| 300 |
_a223 صفحة؛ _bإيضاحات ؛ _c24 سم |
||
| 520 | _aكتابات في الإدارة- كتابات في التسويق والتصدير- كتابات في الميزة التنافسية والصورة الذهنية للأمم- كتابات في الإقتصاد- كتابات في العمالة والبطالة والمشكلة السكانية. | ||
| 653 | _aالمشاكل المعاصرة | ||
| 653 | _aالمشكلات الإقتصادية | ||
| 653 | _aمشاكل مصر | ||
| 700 |
_aالسلمي، علي _eمؤلف ثانوي |
||
| 942 | _cكتاب | ||
| 999 |
_c45482 _d45482 |
||